| 000 | 00982nam a2200229Ia 4500 | ||
|---|---|---|---|
| 999 |
_c36451 _d36451 |
||
| 001 | 2366 | ||
| 003 | GE_BSU | ||
| 005 | 20190530160858.0 | ||
| 008 | 181216s2011||||ge |||||||||||||| ||geo|| | ||
| 020 | _a9789941021169 | ||
| 040 | _cGE_BSU | ||
| 041 | _ageo | ||
| 080 | _a347.78:7.012(479.22) ძ–21 | ||
| 100 |
_aძამუკაშვილი, დავით _9925 |
||
| 245 |
_aდიზაინის სამართალი / _cდავით ძამუკაშვილი; რედ.: რომან შენგელია, მანანა მოსულიშვილი |
||
| 264 |
_aთბილისი : _bსაქპატენტი, _c2011. |
||
| 300 |
_a171 გვ.; _b21 სმ. |
||
| 653 | _aსამართალი | ||
| 700 |
_aშენგელია, რომან _eრედაქტორი _9909 |
||
| 700 |
_aმოსულიშვილი, მანანა _eრედაქტორი _91853 |
||
| 942 |
_cBK _2udc |
||